000 00585nam a22002057a 4500
003 OSt
005 20140310182027.0
008 130814t xxu||||| |||| 00| 0 eng d
020 _a0449212521
050 _aBF 1027
_b.M787 1986
082 _aHS 133.092
_bM76 1986
100 _aMontgomery, Ruth
_910018
245 _aRuth Montgomery, herald of the new age /
_cRuth Montgomery.
260 _aN.Y :
_bBallantine Books,
_cc1986.
300 _a274 p. :
_c18 cm.
650 _aParapsychology.
_910019
650 _aPsychics
_xBiography.
_910020
942 _2lcc
_cHS
999 _c8514
_d8514